| 000 | 00529nam a2200169Ia 4500 | ||
|---|---|---|---|
| 008 | 240729s9999 xx 000 0 und d | ||
| 022 | _a1567-7141 | ||
| 245 | 0 | _aEuropean Journal of Transport and Infrastructure Research | |
| 260 | _aNetherlands | ||
| 260 | _bTU Delft OPEN Publishing | ||
| 650 | _a Engineering (General). Civil engineering (General) | ||
| 650 | _a Transportation engineering | ||
| 650 | _aTechnology | ||
| 856 | _uhttps://doaj.org/toc/74d827fb354e4263bba3af219ff3adb7 | ||
| 942 | _2ddc | ||
| 942 | _cDOAJEJ | ||
| 999 |
_c67527 _d67527 |
||
| 945 |
_a1 _bMadushi Gamage _c1 _dMadushi Gamage |
||